Car Manufactureres A-C - Statistics

General Stats
  • This quiz has been taken 64 times
    25 since last reset
  • The average score is 13 of 140
Answer Stats
Letter A-Z MANUFACTURER % Correct
A Audi
81%
C Chevrolet
75%
A Alfa Romeo
69%
A AC
63%
B BMW
63%
A Acura
56%
B Bentley
56%
A Austin
50%
C Chrysler
50%
A Alpine
44%
A AMC
44%
B Buick
44%
C Citroen
44%
A Ariel
38%
B Bristol
38%
B Bugatti
38%
C Caterham
38%
A Ascari
31%
A Austin-Healey
31%
C Chery
31%
A Alvis
19%
A Autobianchi
19%
B BYD
19%
C Cadilac
19%
C Cord
19%
A Apollo
13%
A Armstrong Siddeley
13%
A Auburn
13%
B BAC
13%
B BMC
13%
B Bowler
13%
A Acadian
6%
A Aixam
6%
A Apperson
6%
A ARO
6%
A Artega
6%
A Atlas
6%
B Bajaj
6%
B BAW
6%
B Bitter
6%
B Bollore
6%
B Borgward
6%
B Bricklin
6%
B Brilliance
6%
B British Leyland
6%
C Campagna
6%
C C-FEE
6%
C Checker
6%
C Cizeta
6%
C Crosley
6%
A Abadal
0%
A ABS
0%
A Adams-Farwell
0%
A Adler
0%
A Aero
0%
A Aerocarene
0%
A AGA
0%
A Agrale
0%
A AIL
0%
A Akepanich
0%
A Alco
0%
A Alcre
0%
A Allard
0%
A AllStoff
0%
A Alphax
0%
A Alta
0%
A Amifibug
0%
A Amplex
0%
A Amur
0%
A Anadol
0%
A Anasagasti
0%
A Ansaldo
0%
A Anziel
0%
A APTS
0%
A Arbus
0%
A Arrinera
0%
A Asahi
0%
A Ashok Leyland
0%
A Asia Motors
0%
A Atlas Bangladesh Ltd
0%
A Atlas Honda
0%
A Attica
0%
A Austro-Daimler
0%
A Austro-Fiat
0%
A Austro-Tatra
0%
A Autoar
0%
A Autocars
0%
A Autokinitoviomihania Ellados
0%
A Automeccania
0%
A Auto-Mixte
0%
A AUTOSAN
0%
A Avia
0%
A Avtoframos
0%
A Avtotor
0%
A AWZ
0%
A Azia
0%
A AzSamand
0%
B Bahman
0%
B Balkania
0%
B Bandini
0%
B Bangladesh Machine Tools Factory
0%
B Barkas
0%
B Bates
0%
B BET
0%
B Bikkel
0%
B Bizzarrini
0%
B Bohdan
0%
B Bolwell
0%
B Bombardier
0%
B Bonro
0%
B Bravia
0%
B Brennabor
0%
B Brilliance Auto
0%
B Brooks
0%
B Brother
0%
B Bufori
0%
B Bulgaralpine
0%
B Bulgarrenault
0%
B Burton
0%
B Burtwell
0%
B Bussing
0%
B BXR
0%
C Callaway
0%
C Cametal
0%
C Carver
0%
C Case
0%
C Chandler
0%
C Changan Automobile
0%
C Charon
0%
C Cherdchai
0%
C Chinkara
0%
C Clenet
0%
C CMC
0%
C Cole
0%
C Conguest
0%
C Crespi
0%
C Crobus
0%
C Cutting
0%
C Cygnus
0%
No matching quizzes found
Score Distribution
Percent of People with Each Score
Percentile by Number Answered
Your Score History
You have not taken this quiz since the last reset